000
00280nam a22001337a 4500
008
171206b xxu||||| |||| 00| 0 eng d
020
_a
0809462044
041
_a
eng
080
_a
621
100
_a
27
101
_a
IM
245
_a
MAJOR APPLIANCE
_c
KIELY.K.M
942
_2
udc
_c
BK
999
_c
38795
_d
38795